00425nam a2200157Ia 4500008004100000041000800041082001300049100002700062245006300089260004000152300001200192365001200204650001700216650001700233700001700250210719s1997 xx 000 0 und d aeng a576 KELT aKELMANI (Chandrakanth) aText book of microbiology for II Bsc with practical manual aMangalorebUnited Publishersc1997 a235bPB b120cRs aMicrobiology aMicrobiology aSULLIA (S B)